000 00810cam a2200205 i 4500
005 20251221110822.0
008 250721s2003 gr 000 0 ara d
082 1 4 _a218.2
_bب ا ل
100 1 _aبالي، وحيد بن عبد السلام
_eمؤلف.
245 1 2 _aالكلمات النافعة في الأخطاء الشائعة /
_cتأليف وحيد عبد السلام بالي.
250 _aالطبعة الأولى.
264 3 1 _aالرياض :
_bمكتبة الأديب،
_c2003.
264 3 1 _aالمنصورة :
_bالذهبية للنشر والترجمة،
_c2003.
650 1 7 _aالآداب الإسلامية.
650 1 7 _aالثقافة الإسلامية.
650 1 7 _aالبدع.
650 1 7 _aالفتاوى.
942 _2ddc
_cBK
999 _c96661
_d96661